[Event "Tata Steel India"]
[Site "Kolkata IND"]
[Date "2022.11.30"]
[Round "6.1"]
[White "Arjun Erigaisi"]
[Black "Shakhriyar Mamedyarov"]
[Result "1-0"]
[EventDate "2022.11.29"]
[WhiteElo "2718"]
[BlackElo "2741"]
[PlyCount "72"]

1. e4 e5 2. Nf3 Nc6 3. Bc4 Nf6 4. d3 Bc5 5. c3 d6 6. O-O a6 7. a4 Ba7 8. Bg5 h6 9. Bh4 g5 10. Bg3 Qe7 11. Nbd2 Rg8 12. b4 Bg4 13. b5 Nd8 14. d4 a5 15. dxe5 dxe5 16. Bxe5 Ne6 17. Bxe6 fxe6 18. Bd4 Bxd4 19. cxd4 O-O-O 20. Qc2 Bxf3 21. Nxf3 g4 22. Nd2 Rxd4 23. Rfc1 b6 24. Nc4 Qc5 25. e5 Ne4 26. Qb3 g3 27. hxg3 Rxc4 28. Qxc4 Qxf2+ 29. Kh1 Nxg3+ 30. Kh2 Qf7 31. Kg1 h5 32. Ra3 Rg4 33. Qc2 Qe7 34. Rc3 c5 35. Rd1 Qh4 36. Rxc5+ 1-0

[Event "Tata Steel India"]
[Site "Kolkata IND"]
[Date "2022.11.29"]
[Round "3.2"]
[White "D Gukesh"]
[Black "Arjun Erigaisi"]
[Result "1/2-1/2"]
[EventDate "2022.11.29"]
[WhiteElo "2725"]
[BlackElo "2718"]
[PlyCount "156"]

1. d4 d5 2. c4 e6 3. Nf3 Nf6 4. Nc3 c5 5. e3 dxc4 6. Bxc4 a6 7. O-O b5 8. Be2 Bb7 9. dxc5 Bxc5 10. Qxd8+ Kxd8 11. Nd2 Ke7 12. Nb3 Nbd7 13. Rd1 Bb6 14. a4 b4 15. a5 Bc7 16. Na4 Bd5 17. Nbc5 Bxa5 18. Bd2 Rhc8 19. Rdc1 Ne4 20. Nxe4 Bxe4 21. Rxc8 Rxc8 22. Bxa6 Rb8 23. Rc1 Kd6 24. b3 Bd5 25. Bc4 Bxc4 26. Rxc4 Ne5 27. Rc5 Bd8 28. Kf1 Be7 29. Ke2 Nc6 30. Kd1 Kd7 31. Rc4 Na5 32. Nc5+ Bxc5 33. Rxc5 Nxb3 34. Rc4 Nxd2 35. Kxd2 b3 36. Kc1 Ra8 37. Rf4 f5 38. Kb2 g5 39. Rd4+ Ke7 40. Kxb3 Ra1 41. f4 g4 42. Rd2 Re1 43. Kc2 Rxe3 44. Kd1 h5 45. Ra2 h4 46. Kd2 Re4 47. g3 Kf6 48. Rb2 Ra4 49. Ke3 Ra3+ 50. Kf2 Rf3+ 51. Kg2 h3+ 52. Kg1 Ke7 53. Rf2 Rd3 54. Rf1 Kd6 55. Re1 Rd2 56. Ra1 Kd5 57. Rb1 Rg2+ 58. Kh1 Re2 59. Kg1 Kd4 60. Ra1 Kc3 61. Rb1 Kd3 62. Ra1 Ke4 63. Ra4+ Kd5 64. Ra5+ Kd6 65. Ra1 e5 66. fxe5+ Kxe5 67. Rb1 Ke4 68. Rf1 Rg2+ 69. Kh1 Ra2 70. Kg1 Ke5 71. Re1+ Kf6 72. Rb1 Kg5 73. Rc1 f4 74. gxf4+ Kxf4 75. Rf1+ Kg5 76. Rb1 Rg2+ 77. Kh1 Kh4 78. Rc1 1/2-1/2

[Event "Tata Steel India"]
[Site "Kolkata IND"]
[Date "2022.11.29"]
[Round "1.2"]
[White "Nodirbek Abdusattorov"]
[Black "Arjun Erigaisi"]
[Result "0-1"]
[EventDate "2022.11.29"]
[WhiteElo "2713"]
[BlackElo "2718"]
[PlyCount "76"]

1. e4 e6 2. d4 d5 3. e5 c5 4. c3 Nc6 5. Nf3 Bd7 6. Be2 f6 7. O-O fxe5 8. Nxe5 Nxe5 9. dxe5 Qc7 10. c4 Qxe5 11. cxd5 O-O-O 12. Nc3 Nf6 13. Re1 exd5 14. Bb5 Qc7 15. Bg5 Bd6 16. g3 Bxb5 17. Nxb5 Qb6 18. Nxd6+ Qxd6 19. Rc1 b6 20. b4 c4 21. Qf3 Rhe8 22. Red1 Qxb4 23. Kg2 Re5 24. Bf4 Re4 25. Bg5 Qe7 26. a4 h6 27. Be3 Ng4 28. Bf4 Ne5 29. Qh5 Kb7 30. a5 Rxf4 31. gxf4 Nd3 32. a6+ Kxa6 33. Ra1+ Kb7 34. Qf3 Qe4 35. Kg3 Rf8 36. Qg4 Qxf4+ 37. Qxf4 Nxf4 38. Kf3 d4 0-1

[Event "Tata Steel India"]
[Site "Kolkata IND"]
[Date "2022.11.29"]
[Round "2.4"]
[White "Arjun Erigaisi"]
[Black "Santosh Gujrathi Vidit"]
[Result "1/2-1/2"]
[EventDate "2022.11.29"]
[WhiteElo "2718"]
[BlackElo "2724"]
[PlyCount "72"]

1. b3 d5 2. Bb2 c5 3. Nf3 f6 4. e4 dxe4 5. Nh4 g6 6. Qe2 Bg7 7. Qxe4 f5 8. Qa4+ Bd7 9. Bxg7 Bxa4 10. bxa4 Nf6 11. Bxh8 Qd4 12. Nc3 Qxh4 13. Rb1 Nbd7 14. Rxb7 Kf7 15. Bxf6 Nxf6 16. Be2 Qd4 17. a5 Ne4 18. O-O Nxd2 19. Nb5 Qa4 20. Rd1 Qxc2 21. a6 Rd8 22. h3 Nf3+ 23. gxf3 Rxd1+ 24. Bxd1 Qxd1+ 25. Kg2 Qa4 26. Nc7 c4 27. Rxa7 c3 28. Nd5 Qc6 29. Rxe7+ Kf8 30. Nb4 c2 31. Nxc6 c1=Q 32. a7 Qg5+ 33. Kf1 Qc1+ 34. Kg2 Qg5+ 35. Kh1 Qc1+ 36. Kg2 1/2-1/2

[Event "Meltwater Champions Chess Tour Finals"]
[Site "chess24.com INT"]
[Date "2022.11.20"]
[Round "7.1"]
[White "Arjun Erigaisi"]
[Black "R Praggnanandhaa"]
[Result "0-1"]
[EventDate "2022.11.14"]
[WhiteElo "2718"]
[BlackElo "2678"]
[PlyCount "98"]

1. d4 Nf6 2. Bf4 d5 3. e3 Bf5 4. Bd3 Bxd3 5. cxd3 e6 6. Nc3 Bd6 7. Qb3 b6 8. Bxd6 Qxd6 9. Nf3 Ng8 10. h4 Ne7 11. h5 h6 12. g4 c6 13. O-O-O Nd7 14. Kb1 c5 15. Rhg1 f6 16. e4 O-O 17. Rde1 cxd4 18. Nb5 Qf4 19. Nfxd4 Nc5 20. Qc2 Rfc8 21. Qe2 dxe4 22. dxe4 Nc6 23. Nxc6 Rxc6 24. Qe3 e5 25. Nc3 Qxe3 26. Rxe3 Rd6 27. b4 Nd3 28. Nd5 Nxf2 29. Ne7+ Kf7 30. Nf5 Rd2 31. Rc1 Rad8 32. Rc7+ R8d7 33. Rxd7+ Rxd7 34. Kc2 g6 35. hxg6+ Kxg6 36. a4 Kg5 37. a5 Nxg4 38. Rc3 Kf4 39. Kb3 bxa5 40. bxa5 Nf2 41. Nxh6 Nxe4 42. Rc8 f5 43. Rf8 Ng3 44. Ng8 e4 45. Nf6 Rd6 46. Ne8 Ra6 47. Kb4 e3 48. Nc7 e2 49. Re8 Ne4 0-1

[Event "Meltwater Champions Chess Tour Finals"]
[Site "chess24.com INT"]
[Date "2022.11.20"]
[Round "7.2"]
[White "R Praggnanandhaa"]
[Black "Arjun Erigaisi"]
[Result "1/2-1/2"]
[EventDate "2022.11.14"]
[WhiteElo "2678"]
[BlackElo "2718"]
[PlyCount "116"]

1. d4 d5 2. c4 c6 3. Nf3 Nf6 4. e3 Bf5 5. Nc3 e6 6. Nh4 Be4 7. f3 Bg6 8. Bd2 Be7 9. Nxg6 hxg6 10. Qc2 Nbd7 11. cxd5 cxd5 12. Qb3 Rb8 13. Bd3 a6 14. O-O b5 15. Ne2 Nb6 16. Rad1 Nc4 17. Bc1 Qd6 18. h3 O-O 19. e4 Qb6 20. Kh1 Rbc8 21. Bb1 dxe4 22. fxe4 e5 23. dxe5 Nxe5 24. Nf4 Rc4 25. Nd5 Nxd5 26. exd5 Bd6 27. Bf4 Nd7 28. Bg5 Qb8 29. a3 f6 30. Bd2 f5 31. Bg5 Nc5 32. Qf3 Ne4 33. Bxe4 Rxe4 34. Bd2 Qe8 35. Bb4 Qe5 36. Bxd6 Qxd6 37. Rfe1 Rfe8 38. Rxe4 Rxe4 39. Qf2 a5 40. Qc2 b4 41. axb4 axb4 42. Qc6 Qxc6 43. dxc6 Rc4 44. Rd8+ Kh7 45. Rb8 g5 46. b3 Rxc6 47. Rxb4 Rc1+ 48. Kh2 Rb1 49. Kg3 Kh6 50. Rb5 f4+ 51. Kg4 Rb2 52. Rb6+ g6 53. Kf3 Rc2 54. Rb7 Rc3+ 55. Kf2 Rc2+ 56. Kf3 Rc3+ 57. Kf2 Rc2+ 58. Kf3 1/2-1/2

[Event "Meltwater Champions Chess Tour Finals"]
[Site "chess24.com INT"]
[Date "2022.11.20"]
[Round "7.3"]
[White "Arjun Erigaisi"]
[Black "R Praggnanandhaa"]
[Result "1-0"]
[EventDate "2022.11.14"]
[WhiteElo "2718"]
[BlackElo "2678"]
[PlyCount "36"]

1. Nc3 e5 2. Nf3 Nc6 3. d4 exd4 4. Nxd4 Nf6 5. Bg5 Bc5 6. e3 h6 7. Bh4 O-O 8. Nf5 d5 9. Qf3 Ne5 10. Nxh6+ Kh7 11. Qf4 Bd6 12. Qg5 Qd7 13. h3 Ne4 14. Nxe4 dxe4 15. Ng4 Ng6 16. Qh5+ Kg8 17. Bf6 Qa4 18. Nh6+ 1-0

[Event "Meltwater Champions Chess Tour Finals"]
[Site "chess24.com INT"]
[Date "2022.11.20"]
[Round "7.4"]
[White "R Praggnanandhaa"]
[Black "Arjun Erigaisi"]
[Result "1-0"]
[EventDate "2022.11.14"]
[WhiteElo "2678"]
[BlackElo "2718"]
[PlyCount "112"]

1. d4 d5 2. c4 c6 3. Nf3 Nf6 4. e3 Bg4 5. Qb3 Qb6 6. Ne5 Bf5 7. cxd5 Qxb3 8. axb3 Nxd5 9. Bd3 Bxd3 10. Nxd3 e6 11. Bd2 Na6 12. Ke2 c5 13. Rxa6 bxa6 14. dxc5 Be7 15. Na3 f6 16. Nc4 Kf7 17. Ra1 Rhc8 18. b4 Nc7 19. e4 Rd8 20. e5 fxe5 21. Ncxe5+ Ke8 22. Nc6 Rd7 23. Bf4 Bf6 24. Bxc7 Rxc7 25. Rxa6 Rb7 26. Kd2 h5 27. Kc2 Rc8 28. Rxa7 Rxa7 29. Nxa7 Ra8 30. Nc6 Kd7 31. b5 Kc7 32. Kb3 h4 33. Ncb4 g5 34. Kc4 Ra5 35. Na6+ Kc8 36. c6 Bd8 37. Nac5 g4 38. Nxe6 Bb6 39. h3 Ra4+ 40. b4 g3 41. fxg3 hxg3 42. Ndf4 Ra2 43. Nd5 Bd8 44. Nxd8 Rxg2 45. Nf7 Rc2+ 46. Kd3 Rc1 47. Ne3 Kc7 48. Ne5 Rh1 49. Ke2 Rxh3 50. Nd5+ Kd6 51. c7 Rh2+ 52. Kf1 Rf2+ 53. Kg1 Rf8 54. b6 Kxd5 55. b7 Kxe5 56. b8=Q 1-0

[Event "Meltwater Champions Chess Tour Finals"]
[Site "chess24.com INT"]
[Date "2022.11.19"]
[Round "6.1"]
[White "Quang Liem Le"]
[Black "Arjun Erigaisi"]
[Result "0-1"]
[EventDate "2022.11.14"]
[WhiteElo "2728"]
[BlackElo "2718"]
[PlyCount "132"]

1. d4 d5 2. c4 c6 3. Nf3 Nf6 4. e3 Bf5 5. Nc3 e6 6. Nh4 Be4 7. f3 Bg6 8. Bd2 Be7 9. Nxg6 hxg6 10. Qc2 Nbd7 11. O-O-O dxc4 12. Bxc4 b5 13. Be2 a6 14. Kb1 c5 15. d5 exd5 16. Bc1 Qb6 17. g4 d4 18. Ne4 O-O 19. h4 Nxe4 20. Qxe4 Nf6 21. Qc2 Nd5 22. h5 Nb4 23. Qe4 Rae8 24. hxg6 fxg6 25. Bd3 Kf7 26. exd4 c4 27. Bc2 Bg5 28. Bxg5 Rxe4 29. Bxe4 Qd6 30. d5 a5 31. Be3 Re8 32. Bd4 Nd3 33. Rh7 Rg8 34. Be3 Qe5 35. Bxd3 cxd3 36. Rxd3 Rd8 37. Bd4 Qe1+ 38. Kc2 Qe2+ 39. Rd2 Qc4+ 40. Kb1 Qf1+ 41. Kc2 Rc8+ 42. Bc3 b4 43. Rxg7+ Kf8 44. d6 bxc3 45. Rc7 cxd2 46. Rxc8+ Kf7 47. Kxd2 Qf2+ 48. Kc1 Qg1+ 49. Kc2 Qh2+ 50. Kc1 Qxd6 51. Rc3 Kf6 52. a3 Ke5 53. Kc2 Kf4 54. Kc1 g5 55. Kc2 Qe6 56. a4 Qa2 57. Kc1 Qa1+ 58. Kc2 Qxa4+ 59. Kb1 Qd1+ 60. Ka2 Qxf3 61. Rxf3+ Kxf3 62. Ka3 Kxg4 63. Ka4 Kf5 64. b4 axb4 65. Kxb4 Ke4 66. Kc3 Ke3 0-1

[Event "Meltwater Champions Chess Tour Finals"]
[Site "chess24.com INT"]
[Date "2022.11.19"]
[Round "6.2"]
[White "Arjun Erigaisi"]
[Black "Quang Liem Le"]
[Result "1-0"]
[EventDate "2022.11.14"]
[WhiteElo "2718"]
[BlackElo "2728"]
[PlyCount "82"]

1. d4 Nf6 2. Bf4 d5 3. e3 e6 4. Nf3 c5 5. c3 Qb6 6. Qb3 Be7 7. Nbd2 O-O 8. h3 Bd7 9. Be2 Rc8 10. g4 Nc6 11. Ne5 Be8 12. g5 Nd7 13. Ng4 a6 14. h4 Bd8 15. h5 Bc7 16. Qxb6 Nxb6 17. Bxc7 Rxc7 18. h6 g6 19. Nf6+ Kh8 20. dxc5 Na4 21. O-O-O Nxc5 22. Kb1 Nd7 23. Nxe8 Rxe8 24. f4 f6 25. Rhf1 fxg5 26. fxg5 Kg8 27. c4 Nde5 28. cxd5 exd5 29. Nb3 Nc4 30. Bxc4 dxc4 31. Nc5 Rf7 32. Nd7 Rxe3 33. Nf6+ Kh8 34. a3 Re5 35. Rd6 Rfe7 36. Ka2 Rxg5 37. Rfd1 Rge5 38. Rd8+ Nxd8 39. Rxd8+ Re8 40. Nxe8 Kg8 41. Nd6+ 1-0

[Event "Meltwater Champions Chess Tour Finals"]
[Site "chess24.com INT"]
[Date "2022.11.19"]
[Round "6.3"]
[White "Quang Liem Le"]
[Black "Arjun Erigaisi"]
[Result "1/2-1/2"]
[EventDate "2022.11.14"]
[WhiteElo "2728"]
[BlackElo "2718"]
[PlyCount "48"]

1. c4 c6 2. Nf3 d5 3. g3 g6 4. Bg2 Bg7 5. d4 Nf6 6. O-O O-O 7. a4 a5 8. Nc3 dxc4 9. e4 Na6 10. Qe2 Nb4 11. Rd1 Nd3 12. h3 Qb6 13. Rb1 Nxc1 14. Rbxc1 Rd8 15. d5 Bd7 16. Ne5 cxd5 17. Nxd7 Nxd7 18. Nxd5 Qxb2 19. Rc2 Qa3 20. Rxc4 e6 21. Rd3 Qa1+ 22. Rd1 Qa3 23. Rd3 Qa1+ 24. Rd1 Qa3 1/2-1/2

[Event "Meltwater Champions Chess Tour Finals"]
[Site "chess24.com INT"]
[Date "2022.11.18"]
[Round "5.1"]
[White "Arjun Erigaisi"]
[Black "Anish Giri"]
[Result "1-0"]
[EventDate "2022.11.14"]
[WhiteElo "2718"]
[BlackElo "2764"]
[PlyCount "112"]

1. d4 Nf6 2. Bf4 g6 3. Nc3 d5 4. e3 Bg7 5. h4 h5 6. Nf3 O-O 7. Qd2 c5 8. Ne5 Nc6 9. f3 cxd4 10. exd4 Bf5 11. Bb5 Nxe5 12. dxe5 Nd7 13. O-O-O Nxe5 14. Rhe1 d4 15. Bxe5 Bxe5 16. Rxe5 dxc3 17. Qxc3 Qb6 18. Qd4 Rac8 19. c3 Qxd4 20. Rxd4 Rc7 21. g4 hxg4 22. fxg4 Be6 23. a4 Kg7 24. h5 Rh8 25. Bd3 gxh5 26. gxh5 b6 27. Be2 Rc5 28. Re3 Rg5 29. b4 Kf6 30. Kd2 Rd5 31. Rxd5 Bxd5 32. c4 Bb7 33. a5 e5 34. Ra3 Rd8+ 35. Kc3 Kg5 36. Ra1 Be4 37. axb6 axb6 38. Ra6 Rb8 39. Ra7 Rf8 40. Rd7 Kf4 41. h6 Bg6 42. c5 bxc5 43. bxc5 Bf5 44. Re7 Kg5 45. Rxe5 Kf6 46. Rd5 Rh8 47. Bd3 Bxd3 48. Kxd3 Kg6 49. Rd6+ f6 50. c6 Rf8 51. Kd4 Kxh6 52. c7 Rc8 53. Rxf6+ Kg7 54. Rc6 Kf7 55. Kc5 Ke7 56. Kb6 1-0

[Event "Meltwater Champions Chess Tour Finals"]
[Site "chess24.com INT"]
[Date "2022.11.18"]
[Round "5.2"]
[White "Anish Giri"]
[Black "Arjun Erigaisi"]
[Result "0-1"]
[EventDate "2022.11.14"]
[WhiteElo "2764"]
[BlackElo "2718"]
[PlyCount "88"]

1. d4 d5 2. c4 c6 3. Nf3 Nf6 4. Nc3 dxc4 5. a4 Bf5 6. e3 e6 7. Bxc4 Bb4 8. O-O O-O 9. Qe2 Bg6 10. Ne5 Nbd7 11. Nxg6 hxg6 12. Rd1 Qc7 13. e4 e5 14. d5 Rad8 15. dxc6 Bxc3 16. cxd7 Bd4 17. Bg5 Qxd7 18. h3 Rc8 19. Be3 Nxe4 20. Bxd4 exd4 21. Qxe4 Rxc4 22. b3 Rb4 23. Rd3 Re8 24. Qf4 Qd5 25. Rc1 g5 26. Qg3 Qe5 27. Qxe5 Rxe5 28. g3 Re6 29. Rc5 f6 30. Rd5 Re1+ 31. Kg2 Rb1 32. Rb5 Rxb5 33. axb5 Kf8 34. Kf3 Rb2 35. Ke4 Rxf2 36. Rxd4 Re2+ 37. Kd3 Rg2 38. Rd7 Rxg3+ 39. Kc4 b6 40. Rxa7 Rxh3 41. Kd5 Rxb3 42. Kc6 g4 43. Kxb6 g3 44. Kc6 f5 0-1

[Event "Meltwater Champions Chess Tour Finals"]
[Site "chess24.com INT"]
[Date "2022.11.18"]
[Round "5.3"]
[White "Arjun Erigaisi"]
[Black "Anish Giri"]
[Result "1/2-1/2"]
[EventDate "2022.11.14"]
[WhiteElo "2718"]
[BlackElo "2764"]
[PlyCount "72"]

1. d4 Nf6 2. c4 g6 3. Nc3 Bg7 4. e4 d6 5. Nf3 O-O 6. Be2 Nbd7 7. O-O e5 8. Qc2 exd4 9. Nxd4 Nc5 10. Be3 Ng4 11. Bxg4 Bxg4 12. f3 Bd7 13. Qd2 f5 14. exf5 gxf5 15. Bh6 Rf7 16. Bxg7 Rxg7 17. Rae1 a5 18. Re2 c6 19. Rd1 Qh4 20. Qe1 Qg5 21. Qd2 Qh4 22. Qe1 Qxe1+ 23. Rexe1 Kf7 24. Nb3 Nxb3 25. axb3 Rg6 26. Re2 Re6 27. Red2 Ke7 28. Ne2 Rf6 29. Nf4 b6 30. h4 Rg8 31. Kf2 Rh6 32. g3 Rf6 33. Nh5 Rh6 34. Nf4 Rf6 35. Nh5 Rh6 36. Nf4 1/2-1/2

[Event "Aimchess Meltwater Champions"]
[Site "chess24.com INT"]
[Date "2022.10.18"]
[Round "1.11"]
[White "Arjun Erigaisi"]
[Black "Magnus Carlsen"]
[Result "1/2-1/2"]
[EventDate "2022.10.18"]
[WhiteElo "2728"]
[BlackElo "2856"]
[PlyCount "272"]

1. e4 c5 2. Nf3 e6 3. d4 cxd4 4. Nxd4 Nc6 5. Nc3 Qc7 6. Ncb5 Qb8 7. Bd3 Nf6 8. O-O a6 9. Nxc6 dxc6 10. Nd4 Bd6 11. Nf3 e5 12. Bg5 Be6 13. Bxf6 gxf6 14. Nh4 Qc7 15. Qf3 Be7 16. Nf5 O-O-O 17. Rfd1 h5 18. h4 Bc5 19. b3 Kb8 20. Bc4 Rdg8 21. Kf1 Rg4 22. g3 Rd8 23. a4 Ka7 24. Rxd8 Qxd8 25. Rd1 Bxc4+ 26. bxc4 Qb6 27. Kg2 Qb4 28. Nh6 Rg7 29. Qb3 Rh7 30. Qxb4 Bxb4 31. Ng8 Kb6 32. Rd7 Ka5 33. Rxb7 Kxa4 34. Nxf6 Rh6 35. Nd7 a5 36. c3 Ba3 37. c5 Bc1 38. Rb1 Ka3 39. Nxe5 Bb2 40. Nc4+ Kb3 41. Nxa5+ Kc2 42. Re1 Bxc3 43. Re2+ Kd3 44. Re3+ Kd4 45. Nb7 Bb4 46. Rf3 f6 47. Rf4 Bd2 48. Rf5 Kxe4 49. Nd6+ Kd4 50. Ne8 Rh8 51. Nxf6 Rf8 52. Rf3 Rh8 53. Rf5 Rf8 54. Kf3 Bh6 55. g4 hxg4+ 56. Kxg4 Rf7 57. f3 Rg7+ 58. Kh5 Be3 59. Ne4 Kd3 60. Rf6 Ke2 61. Ng5 Bxc5 62. Rxc6 Be3 63. Kg4 Ra7 64. Re6 Kd3 65. h5 Ra1 66. f4 Rg1+ 67. Kf5 Rh1 68. Rd6+ Kc4 69. h6 Rh4 70. h7 Bxf4 71. Rd7 Be3 72. Kg6 Rh1 73. Nf3 Rh3 74. Ne5+ Kc5 75. Rd8 Bd4 76. Ng4 Ba1 77. Ra8 Bb2 78. Rd8 Rg3 79. Kf5 Rh3 80. Rd7 Bh8 81. Kg6 Rg3 82. Rd8 Ba1 83. Kg5 Rh3 84. Nh6 Rg3+ 85. Kf5 Rh3 86. Kg5 Rg3+ 87. Kh4 Rg1 88. Rg8 Rh1+ 89. Kg5 Rg1+ 90. Kh5 Rh1+ 91. Kg6 Rg1+ 92. Kf7 Rf1+ 93. Ke7 Re1+ 94. Kd7 Rd1+ 95. Kc8 Rh1 96. Rg6 Kd5 97. Kd7 Bc3 98. Ke7 Ra1 99. Rg5+ Ke4 100. Nf7 Rh1 101. Rg3 Rxh7 102. Rxc3 Kd4 103. Rf3 Ke4 104. Rf6 Rh1 105. Ke6 Ra1 106. Nd6+ Ke3 107. Rh6 Ra6 108. Rh4 Ra1 109. Nc4+ Kf3 110. Kf5 Rf1 111. Rh8 Kg3+ 112. Kg5 Rc1 113. Ne5 Rc5 114. Kf5 Ra5 115. Rb8 Kf2 116. Rb3 Ke2 117. Ke4 Ra4+ 118. Kd5 Ra5+ 119. Kd4 Ra4+ 120. Nc4 Ra8 121. Ke4 Re8+ 122. Ne5 Kd2 123. Rd3+ Kc2 124. Rd7 Rh8 125. Rc7+ Kb3 126. Kd4 Rh4+ 127. Kd5 Rh5 128. Rc8 Rh1 129. Nf3 Rh5+ 130. Kd4 Rh7 131. Nd2+ Kb2 132. Kd3 Rh3+ 133. Kd4 Rh4+ 134. Kd3 Rh3+ 135. Kd4 Rh4+ 136. Kd3 Rh3+ 1/2-1/2

[Event "Aimchess Meltwater Champions"]
[Site "chess24.com INT"]
[Date "2022.10.18"]
[Round "1.13"]
[White "Arjun Erigaisi"]
[Black "Magnus Carlsen"]
[Result "0-1"]
[EventDate "2022.10.18"]
[WhiteElo "2728"]
[BlackElo "2856"]
[PlyCount "92"]

1. e4 c5 2. Nf3 e6 3. d4 cxd4 4. Nxd4 Nc6 5. Nc3 Qc7 6. g3 a6 7. Bg2 Nf6 8. O-O Nxd4 9. Qxd4 Bc5 10. Bf4 d6 11. Qd2 h6 12. Rad1 e5 13. Be3 Bxe3 14. Qxe3 Be6 15. Rd2 Ke7 16. Rfd1 Rhd8 17. f4 Rac8 18. f5 Bc4 19. Kh1 Qc5 20. Qe1 b5 21. Rc1 b4 22. Nd1 Bxa2 23. c4 Bb3 24. Ne3 Ba4 25. Ra1 Bc6 26. Rxa6 Ra8 27. Rxa8 Rxa8 28. Nd5+ Bxd5 29. cxd5 Rc8 30. Bf3 b3 31. Kg2 Qb4 32. Qe3 Rc2 33. Re2 Qc4 34. Rf2 Qd4 35. Qxd4 exd4 36. Kf1 Nd7 37. Bd1 d3 38. Ke1 Nc5 39. f6+ gxf6 40. Rd2 f5 41. exf5 Kf6 42. g4 Ke5 43. h4 Kf4 44. g5 Ke3 45. g6 Rxd2 46. gxf7 Rf2 0-1

[Event "Aimchess Meltwater Champions"]
[Site "chess24.com INT"]
[Date "2022.10.17"]
[Round "13.2"]
[White "Arjun Erigaisi"]
[Black "Richard Rapport"]
[Result "0-1"]
[EventDate "2022.10.14"]
[WhiteElo "2728"]
[BlackElo "2754"]
[PlyCount "166"]

1. d4 Nf6 2. c4 e6 3. Nc3 Bb4 4. f3 c5 5. d5 d6 6. e4 b5 7. a3 Bxc3+ 8. bxc3 bxc4 9. Bxc4 O-O 10. Ne2 Nxd5 11. Bxd5 exd5 12. Qxd5 Be6 13. Qd1 d5 14. exd5 Bxd5 15. O-O Bc4 16. Qxd8 Rxd8 17. Re1 Re8 18. Kf2 Nd7 19. Bf4 Nb6 20. Ng3 Bd3 21. a4 Rxe1 22. Kxe1 Nd5 23. Bd2 Rb8 24. a5 f5 25. Nh5 Re8+ 26. Kd1 Bf1 27. Kc2 Bxg2 28. c4 Bxf3 29. cxd5 Bxh5 30. d6 Rd8 31. Bf4 g5 32. Rg1 h6 33. h4 Bg4 34. hxg5 hxg5 35. Bxg5 Rxd6 36. Re1 Kf7 37. Re7+ Kg6 38. Be3 Ra6 39. Bd2 Bf3 40. Rc7 Be4+ 41. Kb2 Rf6 42. Bf4 a6 43. Rxc5 Kh5 44. Kc3 Kg4 45. Be5 Rf8 46. Rc7 f4 47. Rg7+ Kf5 48. Bd6 Rf6 49. Be7 Rc6+ 50. Kd4 f3 51. Rf7+ Ke6 52. Rf4 Bd5 53. Bc5 Rc8 54. Bb6 Rc2 55. Rf8 Re2 56. Kc3 Be4 57. Kb4 Ke5 58. Kc5 Rc2+ 59. Kb4 Bf5 60. Ra8 Bc8 61. Kb3 Rc6 62. Kb4 Ke4 63. Ra7 Kd3 64. Re7 Be6 65. Rh7 Rc4+ 66. Ka3 Rc2 67. Rh6 Re2 68. Rf6 Bd5 69. Kb4 Rc2 70. Rd6 Ke4 71. Rf6 Ke5 72. Rf8 Rc4+ 73. Ka3 Ke4 74. Rf6 Ke5 75. Rf8 Ke6 76. Bd8 Rc8 77. Rf6+ Ke5 78. Rf8 Ke4 79. Kb4 Kd3 80. Ka3 Rb8 81. Ka4 Kc2 82. Ka3 Rb3+ 83. Ka2 Rc3+ 0-1

[Event "Aimchess Meltwater Champions"]
[Site "chess24.com INT"]
[Date "2022.10.17"]
[Round "14.8"]
[White "Anton Guijarro, David"]
[Black "Arjun Erigaisi"]
[Result "0-1"]
[EventDate "2022.10.14"]
[WhiteElo "2655"]
[BlackElo "2728"]
[PlyCount "58"]

1. Nf3 d5 2. g3 g6 3. Bg2 Bg7 4. d4 Nf6 5. O-O O-O 6. c3 a5 7. Bf4 a4 8. Qc1 c6 9. Bh6 Nbd7 10. Bxg7 Kxg7 11. c4 Ne4 12. Nc3 Ndf6 13. Ne5 Bf5 14. Rd1 Qa5 15. f3 Nxc3 16. bxc3 Nd7 17. Qe3 Nxe5 18. Qxe5+ Kg8 19. e4 Be6 20. exd5 cxd5 21. f4 Qxc3 22. cxd5 Bg4 23. Rdc1 Qa3 24. Rc7 Rac8 25. Qxe7 Qb2 26. Re1 Rxc7 27. Qxc7 Qxa2 28. h3 Qd2 29. Re7 a3 0-1

[Event "Aimchess Meltwater Champions"]
[Site "chess24.com INT"]
[Date "2022.10.17"]
[Round "15.1"]
[White "Arjun Erigaisi"]
[Black "Anish Giri"]
[Result "1-0"]
[EventDate "2022.10.14"]
[WhiteElo "2728"]
[BlackElo "2764"]
[PlyCount "76"]

1. d4 Nf6 2. Bf4 d5 3. e3 c5 4. Nf3 Nc6 5. Nbd2 Nh5 6. Be5 e6 7. c4 cxd4 8. cxd5 Qxd5 9. Bc4 Qd8 10. exd4 Be7 11. Qe2 O-O 12. O-O-O Bd7 13. Kb1 Rc8 14. Bg3 b5 15. Bxb5 Nb4 16. Bc4 e5 17. Nxe5 Bf5+ 18. Ne4 Nf6 19. f3 Qb6 20. Rhe1 Nfd5 21. Bb3 Rc3 22. Nd7 Qa5 23. Bxd5 Rc2 24. Qxc2 Nxc2 25. Kxc2 Bxd7 26. Bb3 Bb4 27. Re3 Qb6 28. Kb1 a5 29. Nc3 Rc8 30. Nd5 Bf5+ 31. Ka1 Qa7 32. Nxb4 axb4 33. Bd6 Qb6 34. Bc5 Qg6 35. Re7 Be6 36. d5 Bf5 37. d6 Rf8 38. d7 1-0

[Event "Aimchess Meltwater Champions"]
[Site "chess24.com INT"]
[Date "2022.10.16"]
[Round "9"]
[White "Arjun Erigaisi"]
[Black "S Mamedyarov"]
[Result "0-1"]
[EventDate "2022.10.14"]
[WhiteElo "2728"]
[BlackElo "2747"]
[PlyCount "76"]

1. e4 e5 2. Nf3 Nc6 3. Bc4 Bc5 4. b4 Bxb4 5. c3 Be7 6. d4 d6 7. dxe5 Nh6 8. Bxh6 gxh6 9. Qd2 Nxe5 10. Nxe5 dxe5 11. Qxh6 Qd6 12. Qg7 Rf8 13. Nd2 Qf6 14. Qg3 Be6 15. Qe3 Bxc4 16. Nxc4 Qe6 17. Qd3 Rd8 18. Qe2 Bc5 19. Na5 Bb6 20. O-O Rd7 21. Nc4 f6 22. a4 Bc5 23. Ne3 Kd8 24. Rfd1 Kc8 25. Rxd7 Qxd7 26. g3 Rd8 27. Rd1 Qe6 28. Nf5 Rxd1+ 29. Qxd1 Qa2 30. Qf3 a5 31. Nh6 b5 32. Ng4 bxa4 33. Qxf6 a3 34. Kg2 Kb7 35. Qxe5 Qc4 36. Nf6 a2 37. Ne8 Bb6 38. Qe7 Qc5 0-1

[Event "Aimchess Meltwater Champions"]
[Site "chess24.com INT"]
[Date "2022.10.16"]
[Round "10"]
[White "Eric Hansen"]
[Black "Arjun Erigaisi"]
[Result "0-1"]
[EventDate "2022.10.14"]
[WhiteElo "2613"]
[BlackElo "2728"]
[PlyCount "82"]

1. e4 c5 2. Nf3 e6 3. d4 cxd4 4. Nxd4 Nc6 5. Nc3 Nf6 6. a3 d6 7. Be3 Bd7 8. Qd2 a6 9. f3 Be7 10. O-O-O Rc8 11. g4 O-O 12. h4 b5 13. h5 Nxd4 14. h6 Nxf3 15. Qg2 Ne5 16. hxg7 Kxg7 17. Be2 Rh8 18. g5 Ne8 19. Rdf1 Kg8 20. Kb1 Ng7 21. Nd1 a5 22. Nf2 b4 23. Ng4 Nxg4 24. Bxg4 bxa3 25. Qf2 Qe8 26. Bd4 Bb5 27. Rfg1 e5 28. Bxc8 Qxc8 29. Be3 axb2 30. Qd2 Qc4 31. Rg4 Bd7 32. Rgh4 Qb4 33. Qd3 Bb5 34. Qd5 Qa3 35. Qa2 Qxa2+ 36. Kxa2 Ne6 37. Rh5 Bc6 38. R1h4 d5 39. exd5 Bxd5+ 40. Kxb2 Bf3 41. Rh6 Kg7 0-1

[Event "Aimchess Meltwater Champions"]
[Site "chess24.com INT"]
[Date "2022.10.16"]
[Round "11"]
[White "Arjun Erigaisi"]
[Black "Vincent Keymer"]
[Result "1-0"]
[EventDate "2022.10.14"]
[WhiteElo "2728"]
[BlackElo "2700"]
[PlyCount "68"]

1. b3 d5 2. Bb2 Bg4 3. f3 Bf5 4. e4 dxe4 5. Nc3 Nf6 6. fxe4 Nxe4 7. Nxe4 Bxe4 8. Qe2 Bc6 9. O-O-O e6 10. Nf3 Qd5 11. Ne5 Nd7 12. c4 Qe4 13. Nxc6 Qxc6 14. Qf2 Nf6 15. Be2 Qb6 16. Qf3 O-O-O 17. g4 Qa5 18. a4 Bb4 19. d4 h5 20. h3 hxg4 21. hxg4 Rxh1 22. Rxh1 Qg5+ 23. Kb1 c5 24. d5 exd5 25. Bd3 Ne4 26. Qxf7 Qxg4 27. cxd5 Bc3 28. Rc1 Bxb2 29. Kxb2 Kb8 30. Qe7 Rd7 31. Qe8+ Kc7 32. Bxe4 b6 33. Qe5+ Rd6 34. Rc2 1-0

[Event "Aimchess Meltwater Champions"]
[Site "chess24.com INT"]
[Date "2022.10.16"]
[Round "12"]
[White "Mittal Aditya"]
[Black "Arjun Erigaisi"]
[Result "1-0"]
[EventDate "2022.10.14"]
[WhiteElo "2486"]
[BlackElo "2728"]
[PlyCount "76"]

1. d4 Nc6 2. Nf3 d5 3. c4 Bg4 4. Nc3 Bxf3 5. exf3 e6 6. cxd5 exd5 7. Bb5 Bb4 8. Qa4 Qd6 9. Bf4 Qe6+ 10. Kd1 Bxc3 11. bxc3 Kd7 12. Re1 Qg6 13. Qa5 Rc8 14. Qxa7 Ne7 15. Qxb7 Qxg2 16. Bxc7 Qxf3+ 17. Kd2 Qxf2+ 18. Re2 Qxe2+ 19. Kxe2 Rxc7 20. Qb6 Ng6 21. c4 Re8+ 22. Kf2 Nf4 23. Kf3 g5 24. cxd5 Nxd5 25. Qc5 g4+ 26. Kf2 Nf6 27. Qf5+ Re6 28. d5 Nxd5 29. Qxd5+ Ke7 30. Re1 Nd8 31. Qg5+ f6 32. Qg7+ Nf7 33. Rxe6+ Kxe6 34. Ba4 Kd6 35. Qxf6+ Kc5 36. Bb3 Nd6 37. Qe5+ Kc6 38. Ba4+ 1-0